000
00310nam a22001457a 4500
999
_c
10065
_d
10065
003
OSt
005
20210209122045.0
008
210209b ||||| |||| 00| 0 eng d
040
_c
DDC
050
_b
B477C
082
_b
B477C
100
_a
Bentley, Todd
245
_a
Christ's healing touch
942
_2
ddc
_c
BK